Instructor's resources guide: human physiology: an integrated approach (Record no. 64280)

MARC details
000 -LEADER
fixed length control field 00919nam a2200181 a 4500
008 - FIXED-LENGTH DATA ELEMENTS--GENERAL INFORMATION
fixed length control field 150812s1998 ||||||||||||||||| || u
020 ## - INTERNATIONAL STANDARD BOOK NUMBER
International Standard Book Number 9780132625364
050 ## - LIBRARY OF CONGRESS CALL NUMBER
Classification number QP 34.5 Sil
100 ## - MAIN ENTRY--PERSONAL NAME
Personal name Silverthorn, Dee U
245 10 - TITLE STATEMENT
Title Instructor's resources guide: human physiology: an integrated approach
Statement of responsibility, etc. by Dee U. Silverthorn, Richard D. Hill and Lawrence D. Brewer
260 ## - PUBLICATION, DISTRIBUTION, ETC.
Place of publication, distribution, etc. United States of America
Name of publisher, distributor, etc. Prentice-Hall
Date of publication, distribution, etc. 1998
300 ## - PHYSICAL DESCRIPTION
Extent Pagenated.
350 ## -
-- 39.68
650 #0 - SUBJECT ADDED ENTRY--TOPICAL TERM
Topical term or geographic name entry element HUMAN PHYSIOLOGY
650 ## - SUBJECT ADDED ENTRY--TOPICAL TERM
Topical term or geographic name entry element HUMAN PHYSIOLOGY--INSTRUCTORS GUIDE
995 ## -
-- MEDICAL LIBRARY OPEN ACCESS
-- 903056
-- CBU-SCHOOL OF MEDICINE LIBRARY (Ndola)
-- 0.00
-- QP 34.5 Sil
-- 1
-- AVAILABLE
-- Sep 7, 2015
-- 903056
-- Medical Library Open Access Collection
995 ## -
-- MEDICAL LIBRARY OPEN ACCESS
-- 903057
-- CBU-SCHOOL OF MEDICINE LIBRARY (Ndola)
-- 0.00
-- QP 34.5 Sil
-- 2
-- AVAILABLE
-- Sep 7, 2015
-- 903057
-- Medical Library Open Access Collection
999 ## -
-- 64280
-- 64280

No items available.